Polskie miasta na 4 litery - Statystyki

Ogólne statystyki
  • Ten quiz został rozwiązany 147 razy
    130 od ostatniego zresetowania
  • Średni wynik to 9 z 26
Statystyki odpowiedzi
Miasto % Poprawnych
Łódź
66%
Koło
65%
Żory
57%
Żary
54%
Puck
51%
Łeba
49%
Piła
46%
Pisz
43%
Reda
43%
Łask
42%
Żnin
37%
Łapy
34%
Nysa
34%
Brok
33%
Kock
31%
Nowe
31%
Śrem
29%
Łazy
27%
Kęty
26%
Susz
26%
Iłża
24%
Ryki
24%
Góra
21%
Otyń
19%
Wleń
19%
Recz
16%
Nie znaleziono quizów pasujących do podanych kryteriów
Rozkład punktacji
Procent ludzi z każdym wynikiem
Percentyl według liczby udzielonych odpowiedzi
Twoja historia wyników
Nie rozwiązałeś tego quizu od ostatniego zresetowania